Dictionary of literacy terms

Gardado en:
Detalles Bibliográficos
Autor Principal: Osorio de Parra, Bertha
Formato: Libro
Idioma:Spanish
Publicado: Bogotá: UPN, 2003
Subjects:
Acceso en liña:Enlace del recurso
Tags: Engadir etiqueta
Sen Etiquetas, Sexa o primeiro en etiquetar este rexistro!

MARC

LEADER 00000nam a2200000 a 4500
001 001435
008 s2003 ck # fr# #000|d#spa#d
041 0 |a spa 
043 |a s-ck--- 
082 0 4 |a 803  |b O756d  |2 21 
100 1 |a Osorio de Parra, Bertha 
245 1 0 |a Dictionary of literacy terms   |c Bertha Osorio de Parra 
260 |a Bogotá:  |b UPN,  |c 2003 
300 |a 79 p. 
500 |a En la portada : Some basic literary terms for british and northamerican literature students 
504 |a Incluye bibliografía. 
650 1 4 |a LITERATURA  |v DICCIONARIOS 
999 |c 3587  |d 3587 
856 |u https://catalogo.idep.edu.co/cgi-bin/koha/opac-detail.pl?biblionumber=3587  |z Enlace del recurso